| 000 | 00633cam a22002172 4500 | ||
|---|---|---|---|
| 001 | 0000001834 | ||
| 005 | 20151217145726.0 | ||
| 008 | 070328s xx 000 0 eng d | ||
| 020 |
_a0131873555 : _cKES 3,550 |
||
| 040 |
_aKABU _cKABU |
||
| 050 | 0 |
_aHD60 _b.B37 2005 |
|
| 100 | 1 |
_aBaron, David P. _@0000150870 |
|
| 245 | 1 | 0 | _aBusiness and its environment. |
| 250 | _a5th ed. | ||
| 260 |
_aUpper Saddle River, N.J. : _bPrentice Hall, _c2005. |
||
| 300 | _axxvii, 877 p. | ||
| 650 | 0 |
_aSocial responsibility of business. _@0000150871 |
|
| 908 | _a070328 | ||
| 950 | _@1 | ||
| 999 |
_c1944 _d1944 |
||